000 00569nam a2200145Ia 4500
008 100204s9999 xx 000 0 und d
082 _b11545
100 _aगोखले गो. सी.
245 _aज्ञानसागरातील शिंपले भाग -5
260 _b"यशवंत प्रकाशन , पुणे"
_c1978
300 _a200
630 _aज्ञानसागरातील शिंपले भाग -5
730 _aज्ञानसागरातील शिंपले भाग -5
942 _cBOOK
999 _c455981
_d455978